000 01002cam a22002531 4500
001 sa 68008845
003 DLC
005 20260227112537.0
008 770511s1967 ii a 000 0 eng
010 _asa 68008845
035 _a(OCoLC)2954053
040 _aDLC
_cMiYEM
_dDLC
042 _apremarc
050 0 0 _aHT147.I5
_bJ32
082 _a301.3/64/095475
100 1 _aJanaki, Vengalil A
245 1 0 _aSome aspects of the population patterns in the different functional groups of towns in Gujarat
_c[by] V. A. Janaki.
260 _a[Baroda,
_bDept. of Geography, Faculty of Science] Maharaja Sayajirao University of Baroda
_c[1967]
300 _a80 p.
_billus., maps.
_c30 cm.
490 1 _aMaharaja Sayajirao University of Baroda. Research paper series: geography,
_vno. 3
650 0 _aCities and towns
_zIndia
_zGujarat.
651 0 _aGujarat (India)
_xPopulation.
810 2 _aMaharaja Sayajirao University of Baroda.
_bDepartment of Geography.
_tResearch paper series : geography ;
_vno. 3.
999 _c82608
_d82608